000 00266nam a2200109Ia 4500
005 20251222114405.0
008 251222s1900||||xx |||||||||||||| ||spa||
082 _aDVD0010/B34/1998
245 0 _aMisión: Seguridad máxima
264 _bUniversal Pictures
942 _cDVD
999 _c1817
_d1817